Johannis de Oria Opera logica / (Record n. 27319)
[ formato base ]
| 000 -LEADER | |
|---|---|
| fixed length control field | 01006nam a2200241 i 4500 |
| 003 - CONTROL NUMBER IDENTIFIER | |
| control field | IT-RoINE |
| 005 - DATE AND TIME OF LATEST TRANSACTION | |
| control field | 20190520084447.0 |
| 008 - FIXED-LENGTH DATA ELEMENTS--GENERAL INFORMATION | |
| fixed length control field | 040303m19871990sp ||||| |||||||1 ||spa|d |
| 100 1# - MAIN ENTRY--PERSONAL NAME | |
| Personal name | Oria, Juan de |
| 9 (RLIN) | 53933 |
| 245 10 - TITLE STATEMENT | |
| Title | Johannis de Oria Opera logica / |
| Statement of responsibility, etc | [transcripción moderna, establecimiento y corrección del texto, introducción, bibliografía y notas por] Vicente Muñoz Delgado. |
| 260 ## - PUBLICATION, DISTRIBUTION, ETC. (IMPRINT) | |
| Place of publication, distribution, etc | Madrid : |
| Name of publisher, distributor, etc | CSIC Centro de Estudios Históricos, |
| Date of publication, distribution, etc | 1987-1990. |
| 300 ## - PHYSICAL DESCRIPTION | |
| Extent | 2 v. ; |
| Dimensions | 24 cm. |
| 336 ## - CONTENT TYPE | |
| Source | rdacontent |
| Content type term | text |
| 337 ## - MEDIA TYPE | |
| Source | rdamedia |
| Media type term | unmediated |
| 338 ## - CARRIER TYPE | |
| Source | rdacarrier |
| Carrier type term | volume |
| 490 0# - SERIES STATEMENT | |
| Series statement | Bibliotheca theologica Hispana. |
| -- | Serie 2ª, Textos ; |
| Volume number/sequential designation | 4-5 |
| 500 ## - GENERAL NOTE | |
| General note | Incluye índices. |
| 504 ## - BIBLIOGRAPHY, ETC. NOTE | |
| Bibliography, etc | Bibliografía: p. [25]-40 (v. 2) |
| 505 0# - FORMATTED CONTENTS NOTE | |
| Formatted contents note | T. I: Summularum volumen primum-- T. II: Tractatus de enuntiatione. |
| 700 1# - ADDED ENTRY--PERSONAL NAME | |
| 9 (RLIN) | 53934 |
| Personal name | Muñoz Delgado, Vicente, |
| Titles and other words associated with a name | O. de M., |
| Dates associated with a name | 1922-1995 |
| 830 #0 - SERIES ADDED ENTRY--UNIFORM TITLE | |
| 9 (RLIN) | 2588 |
| Uniform title | Bibliotheca theologica Hispana. |
| Number of part/section of a work | Serie 2ª, |
| Name of part/section of a work | Textos ; |
| Volume number/sequential designation | 4-5 |
| 942 ## - ADDED ENTRY ELEMENTS (KOHA) | |
| Item type | Monografías |
| Withdrawn status | Lost status | Damaged status | Not for loan | Home library | Current library | Date acquired | Total Checkouts | Full call number | Barcode | Date last seen | Price effective from | Koha item type | Public note |
|---|---|---|---|---|---|---|---|---|---|---|---|---|---|
| Iglesia Nacional Española en Roma | Iglesia Nacional Española en Roma | 30/10/2018 | TEO 2183.2 | 53088 | 30/10/2018 | 30/10/2018 | Monografías | T. II: Tractatus de enuntiatione. |